000 01079nam a2200325 u 4500
001 000002032
003 DO-SdBPM
005 20260127120022.0
007 ta
008 090630s2006 dr a 000 0 spa d
020 _a9993425672
040 _aDO-SdBPM
_bspa
_cBPMSU
_drda
082 _a625.7
_bM828i 2006
_222
100 1 _aMorales Sosa, Hugo Andrés
_eautor
_4aut.
245 1 0 _aIngeniería vial I /
_cHugo Andrés Morales Sosa.
264 _aSanto Domingo :
_bInstituto Tecnológico de Santo Domingo,
_c2006.
300 _a210 páginas :
_bilustraciones, ;
_c28 cm.
336 _atexto
_btxt
_2rdacontent
337 _asin mediación
_bn
_2rdamedia
338 _avolumen
_bnc
_2rdacarrier
500 _aIncluye índice
500 _aIncluye datos biográficos del autor en la contra cubierta
590 _aInventariado, 2026/VM
650 4 _aIngenieria del transito
650 7 _aTransporte
650 7 _aConstruccion de carreteras
_zRepública Dominicana
650 4 _aDrenaje de carreteras
910 _aVMateo V. . Control de calidad BPMSU
942 _2ddc
_cBK
999 _c15631
_d15631